000 00334 a2200109 4500
001 ART_43391
005 20260410161659.0
008 260409a
245 1 0 _aOpciones para la última etapa del sinceramiento fiscal
100 1 _aBello, Alberto M.
773 0 _tPráctica profesional
_g- Nº 281 (mar. 2017)
_wREV542
999 _c15004
_d15004